| 000 | 00733nam a2200205 a 4500 | ||
|---|---|---|---|
| 001 | 000017801 | ||
| 005 | 20240305073653.0 | ||
| 008 | 100406s1979 dr 000 0 spa d | ||
| 040 |
_aDO-SdBNP _bspa _cBNPHU |
||
| 082 |
_axxx _bR696v |
||
| 100 | 1 |
_aRodríguez Demorizi, Emilio, _d1908-1986 _91039 |
|
| 245 | 1 | 0 |
_aViajeros de Francia en Santo Domingo / _cEmilio Rodríguez Demorizi. |
| 260 |
_aSanto Domingo : _bEditora del Caribe, _c1979. |
||
| 300 |
_a237 p. ; _c24 cm. |
||
| 490 | 1 |
_aSociedad Dominicana de Geográfía _v14 |
|
| 500 | _aIncluye índice de personas, lugares y materias | ||
| 500 | _aIncluye notas al pie de las páginas | ||
| 590 | _aInventariado, 2019/VM | ||
| 830 | 0 |
_aSociedad Dominicana de Geografía _n14 _938694 |
|
| 999 |
_c17326 _d17326 |
||